书目信息 |
| 题名: |
坚决彻底粉碎胡风反革命集团
|
|
| 作者: | 本社编 | |
| 分册: | 1 | |
| 出版信息: | 北京 人民出版社 1955 |
|
| 页数: | 328页 | |
| 开本: | 20cm | |
| 丛书名: | ||
| 单 册: | ||
| 中图分类: | D651 | |
| 科图分类: | ||
| 主题词: | 政治--中国 | |
| 电子资源: | ||
| ISBN: | ||
| 000 | 00510nam0 2200181 450 | |
| 001 | 0741384130 | |
| 005 | 20070926113143.59 | |
| 010 | @dCNY0.67 | |
| 100 | @a20070926d1955 km y0chiy0120 ea | |
| 101 | 0 | @achi |
| 102 | @aCN@b110000 | |
| 200 | 1 | @a坚决彻底粉碎胡风反革命集团@Ajian jue che di fen sui hu feng fan ge ming ji tuan@h1@f本社编@Fben she bian |
| 210 | @a北京@c人民出版社@d1955 | |
| 215 | @a328页@d20cm | |
| 606 | 0 | @a政治@x中国 |
| 690 | @aD651@v3 | |
| 801 | 0 | @aCN@bPFT@c20070926 |
| 905 | @a10447@dD651@e16:1 | |
| 坚决彻底粉碎胡风反革命集团.1/本社编.-北京:人民出版社,1955 |
| 328页;20cm |
| ISBN :CNY0.67 |
| ● |
| 相关链接 |
|
|
|
|
正题名:坚决彻底粉碎胡风反革命集团
索取号:D651/16:1
 
预约/预借
| 序号 | 登录号 | 条形码 | 馆藏地/架位号 | 状态 | 备注 |
| 1 | 0609674 | 206096749 | 第一样本阅览室/ [索取号:D651/16:1] | 在馆 |